| 000 | 00563nam a2200229Ia 4500 | ||
|---|---|---|---|
| 003 | OSt | ||
| 005 | 20220924144109.0 | ||
| 006 | a|||||r|||| 00| 0 | ||
| 007 | ta | ||
| 008 | 220923b |||||||| |||| 00| 0 urd d | ||
| 024 | _a311946 | ||
| 037 | _cTextual | ||
| 040 |
_aARTS _cARTS _burd |
||
| 041 |
_2urd _aurd |
||
| 082 | _aO168,1:g, F0 | ||
| 100 |
_aMohammd Ibrahim _9217032 |
||
| 245 | 0 | _aTareekh-e-badie | |
| 260 | _c1920 | ||
| 650 | _aURDU POETRY | ||
| 942 |
_hO168,1:g, F0 _cTEXL _2CC |
||
| 999 |
_c456086 _d456086 |
||